Sports Quiz

Random Sports or Baseball Quiz

A Brief History of MLB Quiz Stats

Quiz Updated Jun 17, 2013

Challenge
Share
Tweet
Embed
Score 0/40 Timer 09:00
9 Plays Today
MLB Status MLB Move % Correct
1902- The Chicago Orphans find their mama bear and change their name to thisChicago Cubs
93.5%
1993- Time for a Coors! This new club heads to the mountains and joins the NL WestColorado Rockies
85.8%
1977- Maple Leaf madness- This club becomes the second in CanadaToronto Blue Jays
85.8%
1998- Desert baseball in the southwest as this club expands into the NLArizona Diamondbacks
85.4%
1993- Sunshine State baseball- This new team heads to South Beach to join the NL EastFlorida Marlins
85.1%
1969- More Expansion- O Canada! This club becomes the first north of the borderMontreal Expos
85.1%
1968- Another by the bay. The A's head west to this cityOakland
85%
1958- Dodge no more- Brooklyn loses its NL team to this west coast locationLos Angeles
84.4%
1913- New owners and a new name for the AL club in New York, now known as thisNew York Yankees
84.4%
1908- New Uniforms for the AL Boston club lead to the assumption of this nameBoston Red Sox
84.3%
1958- A Giant move! The team follows the Dodgers west and takes a new home in this city by the baySan Francisco
83.7%
1914- Lajoie is gone and the Cleveland team takes on this nameCleveland Indians
83.7%
1966- A Brave new world- leaving Milwaukee the team takes up this new southern homeAtlanta
83.7%
2005- Canada no more; the Expos move to America and become this teamWashington Nationals
83.5%
1965- Dome sweet dome- That new Texas club changes stadiums and adopts this futuristic nameAstros
83.4%
1933- Look out! The Brooklyn club isn't so superb at avoiding mass transportation and becomes this clubBrooklyn Dodgers
83.3%
1961- Expansion! The AL think this new west coast team is just heavenlyLos Angeles Angels
82.9%
1969- More Expansion- Fatherly blessings bring this club to southern CaliforniaSan Diego Padres
82.4%
1998- Gulf Coast baseball begins as this club expands into the AL EastTampa Bay Devil Rays
81.9%
1965- The whole state? The Angels take on this new nameCalifornia Angels
81.3%
MLB Status MLB Move % Correct
2013- Schedule balance finally arrives when this team moves from the NL to the AL WestHouston Astros
80.8%
1977- Back to the northwest- This new team is born on Puget SoundSeattle Mariners
80.4%
1969- More Expansion- This kingly club comes to middle AmericaKansas City Royals
80.3%
1998- To balance the schedule this team moves from the AL to the NL CentralMilwaukee Brewers
77.1%
1953- Time to flee the hive- a new home for the Braves is in this cityMilwaukee
76.4%
1936- The Braves new stadium is called the 'Hive' and the team takes on this nameBoston Bees
70.6%
1998- To make room in the East, this club moves to the AL CentralDetroit Tigers
70%
1955- Amazin' A's- The Athletics are next to move- to this plains locationKansas City
67.8%
1962- Expansion! Even Stengel couldn't help this club- they needed a miracleNew York Mets
67.7%
1904- The Beaneaters of Boston lose their taste for legumes and become this clubBoston Braves
67.4%
1970- Break out the Schlitz! A second year club moves east to become this franchiseMilwaukee Brewers
65.2%
1969- More Expansion- This club flies in and makes a landing in the northwestSeattle Pilots
64.1%
1972- Impeached! The Senators move south to become this teamTexas Rangers
61.8%
1962- Expansion! The NL goes to the Lone Star State with the addition of this clubHouston Colt 45s
60.8%
1961- Expansion! Lose your team? This team is immediately recreated after its moveWashington Senators
55.9%
1961- A capital relocation. D.C.'s team heads north to become this clubMinnesota Twins
55.9%
1902- The Milwaukee Brewers pack up and become this colorful Mississippi River teamSt. Louis Browns
53.7%
1954- Brown-out! The team flees St. Louis and becomes this AL franchiseBaltimore Orioles
49.9%
1903- The Orioles move to New York and, playing at Hilltop park, take this nameNew York Highlanders
44.3%
1903- The Cleveland team steals star Lajoie from the A's and changes their name to thisCleveland Naps
35.3%

You're not logged in!

Compare scores with friends on all Sporcle quizzes.
Sign Up with Email
OR
Log In

You Might Also Like...

Show Comments

Extras

Top Quizzes Today


Score Distribution

Your Account Isn't Verified!

In order to create a playlist on Sporcle, you need to verify the email address you used during registration. Go to your Sporcle Settings to finish the process.